Aztecs of Mexico. Origin, rise and fall of the Aztec Nation

Gespeichert in:
Bibliographische Detailangaben
1. Verfasser: Vaillant, George Clapp (VerfasserIn)
Format: Buch
Sprache:Englisch
Veröffentlicht: Nueva York Doubleday, Doran & Company, Inc. 1941
Ausgabe:1a. ed
Schriftenreihe:<The >American Museum of Natural History
Schlagworte:
Tags: Tag hinzufügen
Keine Tags, Fügen Sie den ersten Tag hinzu!

MARC

LEADER 00000nam a2200000 a 4500
001 UCJ6788
003 CL-VaPUC
008 070124e19410000US |||||||||||||||||eng|d
082 0 4 |a 972  |b VAI  |2 21 
100 0 |a Vaillant, George Clapp  |e author  |9 514123 
245 1 0 |a Aztecs of Mexico. Origin, rise and fall of the Aztec Nation 
250 |a 1a. ed 
300 |a xxii, 340 p 
942 |c BK 
945 |d 20070124 00:00:00  |a rinostro 
260 |a Nueva York  |b Doubleday, Doran & Company, Inc.  |c 1941 
500 |a Ilustraciones conforme con lo señalado en índice 
650 0 |a Arqueología   |9 265619 
650 0 |a Antropología   |9 233030 
650 0 |a Etnografía   |9 309735 
650 0 |a Aztecas  |9 265930 
650 0 |a Aborígenes  |9 329972 
650 7 |a TOLTECAS  |2 CL-VaPUC  |9 514124 
650 7 |a MAYAS  |2 CL-VaPUC  |9 267590 
650 0 |a Ciencias  |9 327866 
650 7 |a CALENDARIO  |2 CL-VaPUC  |9 389416 
650 0 |a Religión   |9 255164 
650 0 |a Escritura  |9 264941 
650 0 |a Ilustraciones  |9 369481 
651 0 |a América Central  |9 255026 
651 0 |a México  |9 255269 
583 |a last modification  |c 20070124 00:00:00  |k Rodrigo Vera 
490 0 |a <The >American Museum of Natural History 
999 |c 322890  |d 322888 
952 |0 0  |1 0  |4 0  |6 972_000000000000000_VAI_1941  |7 0  |8 X  |9 402039  |a FDOBUD  |b FDOBUD  |d 2019-11-22  |i 1053027  |o 972 VAI 1941  |p 1053027  |r 2019-11-22  |w 2019-11-22  |y BK_X  |k BUD